Najbardziej zaludnione miasta świata - Statystyki

Ogólne statystyki
  • Ten quiz został rozwiązany 320 razy
  • Średni wynik to 7 z 10
Statystyki odpowiedzi
ludność kraj miasto % Poprawnych
37 274 000 Japonia Tokio
99%
21 333 332 Chiny Pekin
87%
22 085 140 Meksyk Meksyk
81%
21 750 020 Egipt Kair
76%
32 065 760 Indie Delhi
68%
28 516 904 Chiny Szanghaj
59%
22 429 800 Brazylia Sao Paulo
54%
20 961 472 Indie Mumbaj
50%
22 478 116 Bangladesz Dhaka
43%
19 059 856 Japonia Osaka
42%
Nie znaleziono quizów pasujących do podanych kryteriów
Rozkład punktacji
Procent ludzi z każdym wynikiem
Percentyl według liczby udzielonych odpowiedzi
Twoja historia wyników
Nie rozwiązałeś tego quizu